| 000 -LEADER |
| fixed length control field |
00861nam a2200205Ia 4500 |
| 003 - CONTROL NUMBER IDENTIFIER |
| control field |
OSt |
| 005 - DATE AND TIME OF LATEST TRANSACTION |
| control field |
20241026131719.0 |
| 007 - PHYSICAL DESCRIPTION FIXED FIELD--GENERAL INFORMATION |
| fixed length control field |
ca aa aaaaa |
| 008 - FIXED-LENGTH DATA ELEMENTS--GENERAL INFORMATION |
| fixed length control field |
201103s9999 xx 000 0 und d |
| 040 ## - CATALOGING SOURCE |
| Transcribing agency |
SSBUL |
| 041 ## - LANGUAGE CODE |
| Language code of text/sound track or separate title |
bur |
| 082 ## - DEWEY DECIMAL CLASSIFICATION NUMBER |
| Edition number |
23 |
| Classification number |
၂၉၄.၃၄၃၅၀၉ သာ |
| Item number |
၉၂၀၉ S-SAT |
| 100 0# - MAIN ENTRY--PERSONAL NAME |
| Personal name |
သာထွန်း၊ ဦး။ |
| 9 (RLIN) |
17377 |
| 245 10 - TITLE STATEMENT |
| Title |
မြောက်ဦးမြို့ဘုရားသမိုင်း / |
| Statement of responsibility, etc. |
ဦးသာထွန်း။ |
| 260 ## - PUBLICATION, DISTRIBUTION, ETC. |
| Place of publication, distribution, etc. |
[နေရာမပါ] ၊ |
| Name of publisher, distributor, etc. |
[ထုတ်ဝေသူမပါ]၊ |
| Date of publication, distribution, etc. |
[ခုနှစ်မပါ]။ |
| 300 ## - PHYSICAL DESCRIPTION |
| Extent |
၁၂၈ စာမျက်နှာ ၊ |
| Dimensions |
၁၈ စင်တီ။ |
| 500 ## - GENERAL NOTE |
| General note |
S-SAT: Dr Sai Aung Tun collection |
| 650 ## - SUBJECT ADDED ENTRY--TOPICAL TERM |
| Topical term or geographic name entry element |
ဘုရားသမိုင်း |
| Geographic subdivision |
မြောက်ဦးမြို့။ |
| 9 (RLIN) |
55072 |
| 942 ## - ADDED ENTRY ELEMENTS (KOHA) |
| Source of classification or shelving scheme |
|
| Koha item type |
Book (Short term) |